| 000 | 00507pab a2200205 454500 | ||
|---|---|---|---|
| 008 | 180718b2010 xxu||||| |||| 00| 0 eng d | ||
| 100 | _aDustmann, Christian | ||
| 245 | _aEthnicity and educational achievement in compulsory schooling | ||
| 260 | _c2010 | ||
| 300 | _ap.F272-F297. | ||
| 362 | _aAug | ||
| 650 | _aSchools | ||
| 650 | _aEthnic groups | ||
| 650 | _aEducation | ||
| 700 | _aSchonberg, Uta | ||
| 700 | _aMachin, Stephen | ||
| 773 | _aEconomic Journal | ||
| 908 | _aN | ||
| 909 | _a87450 | ||
| 999 |
_c87450 _d87450 |
||